Open Data Biblioteca Nacional de Portugal


República Portuguesa: Ministério da Cultura
Biblioteca Nacional de Portugal

Catálogo da BNP: acesso por Identificadores Unívocos
Registos Bibliográficos associados ao registo de autoridade

Etiqueta de registo: 00000nkm 2200025 450
001 2282523
003 http://id.bnportugal.gov.pt/bib/catbnp/2282523
100 ## $a20260321d1986 m y0pory01030103ba
101 0# $apor
102 ## $aPT
200 1# $aD. João ou o Convidado de Pedra, Teatro Nacional de D. Maria II (Lisboa)$bVisual gráfico]$fTeatro Nacional de D. Maria II, Action Française d'Action Artistique$gdesign Garizo do Carmo
210 #9 $a[Lisboa]$cTeatro Nacional de D. Maria II,$d1986$e[Lisboa] :$gCasa Portuguesa)
215 ## $a1 cartaz$ccolor.$d69,2x48,9 cm
317 ## $aColeção Madeira Luís
702 #1 $aCarmo,$bGarizo do,$f1927-1997$330997
710 02 $aTeatro Nacional de D. Maria II$31992495
711 01 $aFrança.$bMinistério das Relações Exteriores.$cAction Française d'Action Artistique$31992935
801 #0 $aPT$bBN$gRPC
966 ## $lBN$mICONOG$sCT. 25579 A.$x3
971 ## $cCaticonografia7$d20260321
995 ## $aPRR2026

OpendataBNP@bnportugal.pt | Mais informação sobre acesso aos dados BNP